01188 a2200193 4500020001800000050002200018100002300040245003800063264003600101300002200137336002600159337002800185338002700213500005600240520058200296650003700878650004300915650003600958 a9780857668417 aPR813.6bMOR 2020 aMoren, Daneauthor aThe Aleph extraction /cDan Moren aLondon : bAngry Robot, c2020. a387 pages ; 20 cm 1text2txtardacontent 1unmediated2nardamedia 1volume2ncardacarrier aIncludes extract from Sixteenth watch by Myke Cole. a"Still reeling from a former teammate's betrayal, Commonwealth operative Simon Kovalic's band of misfit spies has no time to catch their breath before being sent on another impossible mission: to pull off the daring heist of a quasi-mythical alien artifact from under the nose of the galaxy's most ruthless gangster, not to mention their cold war rivals, the Illyrican Empire. But Kovalic's newest recruit, Specialist Addy Sayers, is a volatile ex-con with a mean hair-trigger - can he hold the team together, or will they turn on each other before the job even gets underway?" aInterstellar travel x Fiction.  a Imaginary wars and battles xFiction. aAgents provocateurs x Fiction.